La tía Julia y el escribidor
Guardat en:
| Autor principal: | |
|---|---|
| Format: | Llibre |
| Idioma: | espanyol |
| Publicat: |
Barcelona
Seix Barral
1988
|
| Edició: | 5a. ed |
| Matèries: | |
| Etiquetes: |
Afegir etiqueta
Sense etiquetes, Sigues el primer a etiquetar aquest registre!
|
MARC
| LEADER | 00000cam a2200000 a 4500 | ||
|---|---|---|---|
| 001 | UCE9728 | ||
| 003 | CL-VaPUC | ||
| 008 | 151106e19880000sp |||||||||||||||||spa|d | ||
| 020 | |a 9503700175 | ||
| 082 | 0 | 4 | |a Pe863 |b VAR |2 21 |
| 100 | 0 | |a Vargas Llosa, Mario |e author |9 318800 | |
| 245 | 1 | 3 | |a La tía Julia y el escribidor |
| 250 | |a 5a. ed | ||
| 300 | |a 447 p | ||
| 942 | |c BK | ||
| 945 | |d 20151106 14:16:00 |a dcastane | ||
| 260 | |a Barcelona |b Seix Barral |c 1988 | ||
| 650 | 7 | |a NOVELAS PERUANAS |2 CL-VaPUC |9 582618 | |
| 650 | 0 | |a Literatura peruana |9 257452 | |
| 583 | |a last modification |c 20151106 14:16:00 |k Rodrigo Vera | ||
| 999 | |c 361373 |d 361371 | ||
| 952 | |0 0 |1 0 |3 erb |4 0 |6 PE_863_000000000000000_VAR_1988 |7 0 |8 A |9 471815 |a BIBEDU |b BIBEDU |i 5210399 |l 1 |o Pe863 VAR 1988 |p 5210399 |r 2024-07-12 |s 2024-07-12 |w 2019-11-24 |y BK |z Catalogado en:20151106 |k EDU | ||